STN EN 62053-21: 2004 (35 6133) [neplatná], Zariadenia na meranie elektrickej energie (striedavého prúdu) Osobitné požiadavky Časť 21 Statické elektromery na činnú energiu (triedy presnosti 1 a 2)
Norma je slovenskou verziou EN 62053-21: 2003, je identická s IEC 62053-21: 2003
| Other Authors: | , |
|---|---|
| Format: | Book |
| Language: | Slovak English |
| PhysicalDescription: | 24 strán obrázky, tabuľky |
| Published: |
Bratislava
Slovenský ústav technickej normalizácie
2004
|
MARC
| LEADER | 00000nam a22000005i 4500 | ||
|---|---|---|---|
| 001 | vtls009917233 | ||
| 003 | SK-MaSNL | ||
| 005 | 20260302081056.0 | ||
| 008 | 240130s2004 xo a f u 00 slo | ||
| 020 | |q (brožované) |c 12,80 Sk; PV | ||
| 035 | |a (SVKBBclas03)vtls000200828 | ||
| 040 | |a SNK |b slo |c SNK |e AACR2 | ||
| 041 | 1 | |a slo |h eng | |
| 044 | |a xo |c SK | ||
| 046 | |a m |m 20040401 (účin.) |n 20240402 (zruš.) | ||
| 084 | |a 17.220.20 |2 ICS | ||
| 130 | 0 | |a STN 35 6133 (STN EN IEC 62053-21) [neplatná] |9 746172 | |
| 245 | 1 | 0 | |a STN EN 62053-21: 2004 (35 6133) [neplatná], Zariadenia na meranie elektrickej energie (striedavého prúdu) |b Osobitné požiadavky |n Časť 21 |p Statické elektromery na činnú energiu (triedy presnosti 1 a 2) |
| 246 | 1 | 0 | |a Zariadenia na meranie elektrickej energie (striedavého prúdu) |
| 246 | 1 | 0 | |a Osobitné požiadavky |
| 246 | 1 | 0 | |a Statické elektromery na činnú energiu (triedy presnosti 1 a 2) |
| 260 | |a Bratislava |b Slovenský ústav technickej normalizácie |c 2004 | ||
| 300 | |a 24 strán |b obrázky, tabuľky | ||
| 500 | |a Spracovateľ: KŘIŽÍK a.s. Prešov, Božena Nečejová, Ivan Bojko | ||
| 500 | |a Táto norma od 1.4.2004 nahrádza anglickú verziu STN EN 62053-21 z novembra 2003 a spolu s STN EN 62052-11: 2004 nahrádzajú STN EN 61036 z januára 2000 v celom rozsahu. Do 1.3.2006 sa môžu súbežne používať | ||
| 500 | |a Norma je nahradená anglickou verziou normy STN EN IEC 62053-21 z júla 2021, ktorú nahradila slovenská verzia normy STN EN IEC 62053-21 z novembra 2023 v celom rozsahu. Obidve normy sa môžu súbežne používaťdo 2.4.2024 | ||
| 520 | 8 | |a Norma je slovenskou verziou EN 62053-21: 2003, je identická s IEC 62053-21: 2003 | |
| 540 | |a STN vydané na akomkoľvek nosiči sa môžu rozmnožovať a rozširovať iba so súhlasom určenej právnickej osoby |b SÚTN Bratislava |c zákon 264/1999 Z. z. | ||
| 700 | 1 | |a Nečejová, Božena |4 trl |9 407515 | |
| 700 | 1 | |a Bojko, Ivan |4 trl |9 407516 | |
| 710 | 2 | |a KŘIŽÍK a.s. (Prešov, Slovensko) |4 stn |9 478815 | |
| 958 | |a OP | ||
| 991 | |g DL 12000523 |h 15.4.2004 | ||
| 999 | |c 1175111 |d 1177041 | ||
| 952 | |t P60, <03>, [BOOK], {603} |a SNK |b SNK |y PREZ |7 0 |p 17A0412825 |o snkSTN EN 62053-21 |i snkN 1699/2004 |0 0 |1 0 |4 0 |d 2004-04-21 |l 0 |r 2005-01-02 00:00:00 |w 2026-02-24 | ||
| 952 | |t P66, <07>, [BOOK], {667} |a SNK |b SNK |y PREZ |7 0 |p 17A0412824 |o snkSTN EN 62053-21 D1 |i snkN 1700/2004 |0 0 |1 0 |4 0 |d 2004-04-21 |l 0 |r 2005-01-02 00:00:00 |w 2026-02-24 | ||


